Estimating & Costing in Civil Engineering (Record no. 17835)

MARC details
000 -LEADER
fixed length control field 00385nam a2200157Ia 4500
008 - FIXED-LENGTH DATA ELEMENTS--GENERAL INFORMATION
fixed length control field 221030s9999 xx 000 0 und d
020 ## - INTERNATIONAL STANDARD BOOK NUMBER
ISBN 8174767707
041 ## - LANGUAGE CODE
Language code of text/sound track or separate title
100 ## - MAIN ENTRY--AUTHOR NAME
Personal name B. N. Dutta
245 #0 - TITLE STATEMENT
Title Estimating & Costing in Civil Engineering
Statement of responsibility, etc by B. N. Dutta
250 ## - EDITION STATEMENT
Edition statement 28th
260 ## - PUBLICATION, DISTRIBUTION, ETC. (IMPRINT)
Name of publisher UBS Pub.
Place of publication New Delhi
Year of publication 2018
300 ## - PHYSICAL DESCRIPTION
Number of Pages 904
650 ## - SUBJECT ADDED ENTRY--TOPICAL TERM
Topical Term Civil
942 ## - ADDED ENTRY ELEMENTS (KOHA)
Koha item type Books
Holdings
Accession Number Cost, normal purchase price Bill Date Source of acquisition Price effective from Koha item type Withdrawn / writtenoff status Materials specified (bound volume or other part) Damaged status Not for loan Permanent Location Current Location Shelving location Date acquired Lost/ Missing status department
BE 15488 695.00 453 RKB 10/30/2022 Books   Print     MIET Library, Jammu MIET Library, Jammu BL-Academic Block B, FL-2, CUP-108, SH-5, R-5 07/27/2018   BE
BE 15489 695.00 453 RKB 10/30/2022 Books   Print     MIET Library, Jammu MIET Library, Jammu BL-Academic Block B, FL-2, CUP-117, SH-5, R-5 07/27/2018   BE
BE 15490 695.00 453 RKB 10/30/2022 Books   Print     MIET Library, Jammu MIET Library, Jammu BL-Academic Block B, FL-2, CUP-117, SH-5, R-5 07/27/2018   BE
BE 15491 695.00 453 RKB 10/30/2022 Books   Print     MIET Library, Jammu MIET Library, Jammu BL-Academic Block B, FL-2, CUP-117, SH-5, R-5 07/27/2018   BE
BE 15492 695.00 453 RKB 10/30/2022 Books   Print     MIET Library, Jammu MIET Library, Jammu BL-Academic Block B, FL-2, CUP-117, SH-5, R-5 07/27/2018   BE